Diputació de Barcelona
Descripción Física:
1 bossa de lona ; 35 x 40 cm.
Idioma:
Catalán
MARC
| LEADER | 00000nrm a22000007a 4500 | ||
|---|---|---|---|
| 001 | 26396 | ||
| 003 | Arxiu | ||
| 005 | 20260324181139.0 | ||
| 008 | 220802b spa||||| |||| 00| 0 cat d | ||
| 040 | |a agdb |b cat | ||
| 245 | |a Diputació de Barcelona |h [Bossa] | ||
| 260 | |a [Barcelona] : |b Diputació de Barcelona ; |c [2017?] | ||
| 300 | |a 1 bossa de lona ; |c 35 x 40 cm. | ||
| 650 | 0 | |9 54098 |a Objectes publicitaris | |
| 655 | 0 | |a Bosses |9 54970 | |
| 942 | |2 udc |c ARXIU |n 1 | ||
| 952 | |0 0 |1 0 |2 udc |4 0 |6 NBM152 |7 1 |9 63315 |a Arxiu |b Arxiu |d 2022-08-02 |l 0 |o NBM-15-2 |p 26396 |r 2022-08-02 00:00:00 |w 2022-08-02 |y ARXIU | ||
| 999 | |c 82550 |d 82550 | ||